Wszystkie drużyny piłkarskie z poziomu centralnego 2025/26 - Statystyki

Ogólne statystyki
  • Ten quiz został rozwiązany 251 razy
    54 od ostatniego zresetowania
  • Średni wynik to 43 z 54
Statystyki odpowiedzi
Ekstraklasa % Poprawnych
Lech Poznań
100%
Legia Warszawa
100%
Pogoń Szczecin
100%
Wisła Kraków
100%
Wisła Płock
100%
Arka Gdynia
98%
Bruk-Bet Termalica
98%
Cracovia Kraków
98%
GKS Katowice
98%
Górnik Zabrze
98%
Jagiellonia Białystok
98%
Lechia Gdańsk
98%
Raków Częstochowa
98%
Korona Kielce
96%
Motor Lublin
96%
ŁKS II Łódź
93%
ŁKS Łódź
93%
Radomiak Radom
93%
Śląsk II Wrocław
93%
Śląsk Wrocław
93%
Widzew Łódź
93%
Polonia Warszawa
91%
Stal Mielec
91%
Zagłębie Lubin
91%
Piast Gliwice
89%
Stal Rzeszów
89%
Warta Poznań
89%
Wieczysta Kraków
89%
Ruch Chorzów
87%
Zagłębie Sosnowiec
87%
GKS Tychy
82%
Górnik Łęczna
82%
Pogoń Siedlce
80%
Polonia Bytom
78%
Puszcza Niepołomice
78%
Resovia Rzeszów
78%
Miedź Legnica
73%
Stal Stalowa Wola
73%
Podbeskidzie Bielsko-Biała
69%
Odra Opole
67%
Olimpia Grudziądz
64%
Znicz Pruszków
62%
Pogoń Grodzisk Mazowiecki
60%
Hutnik Kraków
58%
Chrobry Głogów
53%
KKS Kalisz
53%
Unia Skierniewice
51%
Chojniczanka Chojnice
49%
Sandecja Nowy Sącz
44%
GKS Jastrzębie
42%
Świt Skolwin (Szczecin)
42%
Rekord Bielsko-Biała
38%
Podhale Nowy Targ
27%
Sokół Kleczew
18%
Nie znaleziono quizów pasujących do podanych kryteriów
Rozkład punktacji
Procent ludzi z każdym wynikiem
Percentyl według liczby udzielonych odpowiedzi
Twoja historia wyników
Nie rozwiązałeś tego quizu od ostatniego zresetowania